Bronzization: Essays in Bronze Age Archaeology

Saved in:

Other Authors: Nørgaard, Heide W. (Editor), Reiter, Samantha S. (Editor)

Format: Book

Published: Oxford Archaeopress Publishing Ltd 2025

Tags: Add Tag

No Tags, Be the first to tag this record!

Call Number:

LEADER 00693namaa2200181 4500
001 9781803279213
003 UkOxAP
005 20260405155016.0
020 |a 9781803279220 
776 1 |x 9781803279213 
245 0 0 |a Bronzization: Essays in Bronze Age Archaeology 
100 1 |a Nørgaard, Heide W.  |e Editor  |l English 
700 1 |a Reiter, Samantha S.  |e Editor  |l English 
856 4 2 |a http://library.arce.org:8087/Archaeopress/Products/9781803279220 
260 |a Oxford  |b Archaeopress Publishing Ltd  |c 2025 
270 |a Archaeopress Publishing Ltd, Summertown Pavillion, 18 -24 Middle Way, Summertown  |b Oxford  |d United Kingdom  |e OX2 7LG  |k 44-1865-311914  |m info@archaeopress.com 
942 |2 lcc  |c EBOOK 
999 |c 62058  |d 62058